000 006310000a22001570004500
003 MACL
005 20190601163101.0
008 190601b xxu||||| |||| 00| 0 eng d
040 _aMACL
_cMACL
100 _aअग्रवाल श्‍यामसुन्‍दर
_936883
245 _aग्रन्‍थालय सूचीकरण एक अध्‍ययन
260 _bमध्‍यप्रदेशहिन्‍दी ग्रन्‍था अकादमी
_c1981
_aउज्‍जैन
350 _a22
650 _aपुस्‍तकालय विज्ञान
_947688
942 _cHIN
_2ddc
999 _c29486
_d29486